[Event "GER-ch U14"]
[Site "Oberhof"]
[Date "2010.05.25"]
[Round "3"]
[White "Ewert, Paul"]
[Black "Kempe, Markus"]
[Result "0-1"]
[WhiteElo "1519"]
[BlackElo "1397"]
[PlyCount "56"]
[EventDate "2010.05.22"]
[EventType "swiss"]
[EventRounds "9"]
[EventCountry "GER"]
[SourceTitle "OM OTB B 201907"]
[Source "Opening Master"]
[SourceDate "2019.07.06"]
[SourceVersion "2"]
[SourceVersionDate "2019.07.06"]
[SourceQuality "1"]

1. e4 c5 2. Nf3 Nc6 3. Nc3 d6 4. Be2 Nf6 5. d4 cxd4 6. Nxd4 e5 7. Nb3 Be7 8.
O-O O-O 9. Kh1 a5 10. a4 Nb4 11. f4 b6 12. Bf3 Bb7 13. f5 d5 14. exd5 Nfxd5 15.
Nxd5 Bxd5 16. Nd2 Rc8 17. c3 Nd3 18. Bxd5 Qxd5 19. Qf3 Qxf3 20. Rxf3 Rfd8 21.
Ne4 Nc5 22. Bg5 Bxg5 23. Nxg5 f6 24. Nh3 Rd2 25. Rf2 Rcd8 26. Rxd2 Rxd2 27. b4
Nd3 28. bxa5 bxa5 0-1

[Event "Ch (juniors) (under 12)"]
[Site "Eisenstadt (Austria)"]
[Date "2010.05.24"]
[Round "5"]
[White "Mesaros, Florian"]
[Black "Proyer, Enno"]
[Result "1-0"]
[WhiteElo "1672"]
[BlackElo "1871"]
[PlyCount "135"]
[EventDate "2010.??.??"]
[EventRounds "7"]
[EventCountry "AUT"]
[SourceTitle "OM OTB B 201907"]
[Source "Opening Master"]
[SourceDate "2019.07.06"]
[SourceVersion "2"]
[SourceVersionDate "2019.07.06"]
[SourceQuality "1"]

1. e4 c5 2. Nf3 Nc6 3. d4 cxd4 4. Nxd4 Nf6 5. Nc3 d6 6. Be2 e5 7. Nb3 Be7 8.
O-O Be6 9. Bf3 Qd7 10. Nd5 Bd8 11. c4 h6 12. c5 Bxd5 13. exd5 Ne7 14. Re1 Rc8
15. a4 Bc7 16. a5 Bb8 17. a6 bxa6 18. c6 Qf5 19. Ra4 O-O 20. Rc4 Bc7 21. Bg4
Nxg4 22. Rxg4 Bb6 23. Be3 Bxe3 24. Rxe3 Nxd5 25. Reg3 g6 26. h4 Nf4 27. Qf3 Qc2
28. h5 Ne2+ 29. Kh2 Nxg3 30. Rxg3 g5 31. Qf6 Qh7 32. Qxd6 Qg7 33. Nc5 f5 34.
Ne6 Rf6 35. Qd7 Qxd7 36. cxd7 Rb8 37. d8=Q+ Rxd8 38. Nxd8 Rd6 39. Nb7 Rb6 40.
Nc5 Rxb2 41. Rf3 f4 42. Kh3 Rb1 43. Kg4 Rb5 44. Ne4 a5 45. Ra3 Rb4 46. Kf5 a4
47. Kxe5 Rb5+ 48. Kf6 Rb6+ 49. Kf5 Rb5+ 50. Kg4 Rb4 51. Nc5 Rb2 52. Nd3 Rb3 53.
Rxb3 axb3 54. Nb2 Kf7 55. Kf5 Kg7 56. Ke6 a6 57. f3 a5 58. Ke7 Kg8 59. Kf6 Kh7
60. Kf7 Kh8 61. Kg6 Kg8 62. Kxh6 Kh8 63. Kxg5 Kh7 64. Kxf4 a4 65. Nxa4 b2 66.
Nxb2 Kh6 67. g4 Kg7 68. g5 1-0

[Event "Ontario-ch op 64th"]
[Site "Toronto"]
[Date "2010.05.22"]
[Round "1"]
[White "Abrahams, Daniel"]
[Black "Sapozhnikov, Roman"]
[Result "0-1"]
[WhiteElo "1881"]
[BlackElo "2252"]
[PlyCount "84"]
[EventDate "2010.05.22"]
[EventType "swiss"]
[EventRounds "6"]
[EventCountry "CAN"]
[SourceTitle "OM OTB B 201907"]
[Source "Opening Master"]
[SourceDate "2019.07.06"]
[SourceVersion "2"]
[SourceVersionDate "2019.07.06"]
[SourceQuality "1"]

1. e4 c5 2. Nf3 d6 3. d4 cxd4 4. Nxd4 Nf6 5. Nc3 Nc6 6. Be2 e5 7. Nb3 Be7 8.
O-O O-O 9. Bg5 Be6 10. Bxf6 Bxf6 11. Nd5 Bg5 12. Bg4 Qd7 13. Bxe6 fxe6 14. Nc3
Qe7 15. Qe2 Rad8 16. Rad1 Rd7 17. a3 a6 18. Rd3 Na7 19. Rfd1 Nc8 20. Nd2 Nb6
21. Nf3 Bf6 22. b3 g6 23. Qe3 Nc8 24. Na2 Rfd8 25. c4 d5 26. exd5 exd5 27. Rxd5
Rxd5 28. cxd5 e4 29. Ne1 Qe5 30. Rc1 Bg5 31. Qc3 Qxc3 32. Rxc3 Bd2 33. Rc4 Bxe1
34. Rxe4 Ba5 35. g3 Nd6 36. Re7 Bb6 37. Nc3 Rf8 38. Nd1 Rf5 39. Ne3 Bxe3 40.
fxe3 Rxd5 41. e4 Rb5 42. b4 Nc4 0-1

[Event "Warsaw YMCA 76th"]
[Site "Warsaw"]
[Date "2010.05.21"]
[Round "6"]
[White "Gluszko, Monika"]
[Black "Malec, Sebastian"]
[Result "0-1"]
[WhiteElo "1976"]
[BlackElo "2130"]
[PlyCount "152"]
[EventDate "2010.04.08"]
[EventType "tourn"]
[EventRounds "11"]
[EventCountry "POL"]
[SourceTitle "OM OTB B 201907"]
[Source "Opening Master"]
[SourceDate "2019.07.06"]
[SourceVersion "2"]
[SourceVersionDate "2019.07.06"]
[SourceQuality "1"]

1. e4 c5 2. Nf3 Nc6 3. d4 cxd4 4. Nxd4 Nf6 5. Nc3 d6 6. Be2 e5 7. Nf3 h6 8. O-O
Be7 9. h3 Be6 10. Be3 d5 11. exd5 Nxd5 12. Nxd5 Qxd5 13. Qxd5 Bxd5 14. Rfd1 Be6
15. Bb5 f6 16. Nh4 g5 17. Ng6 Rg8 18. Nxe7 Kxe7 19. Bc5+ Kf7 20. Rd6 Rgc8 21.
Rad1 a6 22. Be2 Bf5 23. Bh5+ Kg7 24. g4 Be4 25. Rd7+ Kh8 26. c3 b6 27. Be3 Rd8
28. Rxd8+ Rxd8 29. Rxd8+ Nxd8 30. Bxb6 Ne6 31. Be8 Nf4 32. c4 Kg8 33. c5 Kf8
34. Bd7 Ke7 35. Bc8 Nxh3+ 36. Kh2 Nxf2 37. c6 Nxg4+ 38. Bxg4 Bxc6 39. Bc5+ Kf7
40. Bh5+ Kg7 41. Bd6 a5 42. Kg3 e4 43. b3 a4 44. bxa4 Bxa4 45. Kf2 f5 46. Be5+
Kh7 47. Ke3 Bc6 48. Kd4 f4 49. Kc5 Ba4 50. Kd4 e3 51. Bxf4 gxf4 52. Ke4 Bb5 53.
Kf3 Kg7 54. a4 Ba6 55. Be8 Kf6 56. Bc6 Ke5 57. Be8 Kd4 58. Bh5 Kc3 59. Kxf4 e2
60. Bxe2 Bxe2 61. a5 Kb4 62. a6 Bxa6 63. Kg4 Be2+ 64. Kh4 Kc4 65. Kg3 Kd4 66.
Kf4 h5 67. Kg3 Ke4 68. Kf2 Bd1 69. Kg3 Kf5 70. Kh4 Be2 71. Kg3 Kg5 72. Kh3 h4
73. Kg2 Kg4 74. Kh2 h3 75. Kh1 Kg3 76. Kg1 h2+ 0-1

[Event "Tbilisi Cup"]
[Site "Tbilisi"]
[Date "2010.05.19"]
[Round "5"]
[White "Gelazonia, Parmen"]
[Black "Bagaturov, Giorgi"]
[Result "1/2-1/2"]
[WhiteElo "2315"]
[BlackElo "2453"]
[PlyCount "59"]
[EventDate "2010.05.15"]
[EventType "swiss"]
[EventRounds "9"]
[EventCountry "GEO"]
[SourceTitle "OM OTB B 201907"]
[Source "Opening Master"]
[SourceDate "2019.07.06"]
[SourceVersion "2"]
[SourceVersionDate "2019.07.06"]
[SourceQuality "1"]

1. e4 c5 2. Nf3 Nc6 3. d4 cxd4 4. Nxd4 Nf6 5. Nc3 d6 6. Be2 e5 7. Nf3 h6 8. O-O
Be7 9. Re1 O-O 10. h3 Be6 11. Bf1 Nb8 12. Nd5 Nxd5 13. exd5 Bf5 14. c4 Nd7 15.
a3 Bg6 16. b4 e4 17. Nd4 Ne5 18. Be3 Re8 19. Rc1 Bf6 20. Nb5 a6 21. Nc3 Nd3 22.
Bxd3 exd3 23. Qd2 Qd7 24. f3 Bxc3 25. Qxc3 b5 26. Qd4 bxc4 27. Rxc4 Rac8 28.
Bd2 Rxe1+ 29. Bxe1 Rxc4 30. Qxc4 1/2-1/2

[Event "6o OPEN SOP -SMAOK > 1900"]
[Site "Athens"]
[Date "2010.05.18"]
[Round "2.15"]
[White "Sideris, Theodoros"]
[Black "Efentakis, Nikolaos"]
[Result "1/2-1/2"]
[WhiteElo "2041"]
[BlackElo "1883"]
[PlyCount "82"]
[EventDate "2010.05.??"]
[EventRounds "7"]
[EventCountry "GRE"]
[SourceTitle "OM OTB B 201907"]
[Source "Opening Master"]
[SourceDate "2019.07.06"]
[SourceVersion "2"]
[SourceVersionDate "2019.07.06"]
[SourceQuality "1"]

1. e4 c5 2. Nf3 d6 3. d4 cxd4 4. Nxd4 Nf6 5. Nc3 Nc6 6. Be2 e5 7. Nb3 Be7 8.
O-O O-O 9. f4 a5 10. a4 Nb4 11. Be3 Be6 12. fxe5 dxe5 13. Qc1 Qc8 14. Rd1 Nxe4
15. Nxe4 Nxc2 16. Nbc5 Nxa1 17. Qxa1 Bg4 18. Bxg4 Qxg4 19. h3 Qg6 20. Nc3 Bxc5
21. Bxc5 Rfd8 22. Nd5 Qc2 23. Bb6 Rd7 24. Nf6+ gxf6 25. Rxd7 Qc6 26. Rd8+ Rxd8
27. Bxd8 Qd6 28. Bxa5 Qc5+ 29. Kh2 Qxa5 30. Qa3 Qd5 31. b4 e4 32. Kg3 Qg5+ 33.
Kh2 e3 34. Qb2 f5 35. g3 Qe7 36. Qe2 Qe4 37. a5 f4 38. gxf4 Qxf4+ 39. Kg2 Qe4+
40. Qf3 Qc2+ 41. Kg3 Qc7+ 1/2-1/2

[Event "4th All China Games Rapid"]
[Site "Hefei CHN"]
[Date "2010.05.17"]
[Round "1"]
[White "Zhang Xiaowen"]
[Black "Li Chao2"]
[Result "0-1"]
[WhiteElo "2426"]
[BlackElo "2619"]
[PlyCount "82"]
[EventDate "2010.??.??"]
[EventType "rapid"]

1. e4 c5 2. Nf3 d6 3. d4 cxd4 4. Nxd4 Nf6 5. Nc3 Nc6 6. Be2 e5 7. Nb3 Be7 8.
O-O O-O 9. Re1 a5 10. a4 Be6 11. Bg5 Nb4 12. Bf3 Rc8 13. Re2 h6 14. Bxf6 Bxf6
15. Rd2 Be7 16. Nb5 Rxc2 17. Rxc2 Bxb3 18. Rc8 Qxc8 19. Qxb3 Qc5 20. Rd1 Rc8
21. Bh5 Qc4 22. Qxc4 Rxc4 23. Nxd6 Bxd6 24. Rxd6 Nc6 25. Rd7 g6 26. Be2 Rxe4
27. Bb5 Nd4 28. g3 b6 29. Bd3 Nf3+ 30. Kg2 Ne1+ 31. Kf1 Nxd3 32. Rxd3 Rxa4 33.
Rb3 Rb4 34. Rxb4 axb4 35. Ke2 e4 36. Ke3 f5 37. Kd4 Kf7 38. Kc4 Ke6 39. Kxb4
Kd5 40. Kb5 g5 41. Kxb6 f4 0-1

[Event "Syre Memorial op 33th"]
[Site "Issy les Moulineaux"]
[Date "2010.05.16"]
[Round "5"]
[White "Karim, Ismael"]
[Black "Guilleux, Fabien"]
[Result "1/2-1/2"]
[WhiteElo "2410"]
[BlackElo "2394"]
[PlyCount "29"]
[EventDate "2010.05.13"]
[EventType "swiss"]
[EventRounds "6"]
[EventCountry "FRA"]
[SourceTitle "OM OTB B 201907"]
[Source "Opening Master"]
[SourceDate "2019.07.06"]
[SourceVersion "2"]
[SourceVersionDate "2019.07.06"]
[SourceQuality "1"]

1. e4 c5 2. Nf3 d6 3. Nc3 Nc6 4. d4 cxd4 5. Nxd4 Nf6 6. Be2 e5 7. Nf3 h6 8. h3
Be7 9. O-O O-O 10. Re1 Be6 11. Bf1 Qa5 12. Bd2 Qc7 13. Nb5 Qb8 14. c4 Rc8 15.
b3 1/2-1/2

[Event "Split op 4th"]
[Site "Split"]
[Date "2010.05.09"]
[Round "9"]
[White "Brkic, Ivica"]
[Black "Biliskov, Vjekoslav"]
[Result "0-1"]
[WhiteElo "2172"]
[BlackElo "2284"]
[PlyCount "60"]
[EventDate "2010.04.30"]
[EventType "swiss"]
[EventRounds "9"]
[EventCountry "CRO"]
[SourceTitle "OM OTB B 201907"]
[Source "Opening Master"]
[SourceDate "2019.07.06"]
[SourceVersion "2"]
[SourceVersionDate "2019.07.06"]
[SourceQuality "1"]

1. e4 c5 2. Nf3 d6 3. d4 cxd4 4. Nxd4 Nf6 5. Nc3 Nc6 6. Be2 e5 7. Nb3 Be7 8.
Be3 O-O 9. h3 a5 10. a3 a4 11. Nd2 d5 12. exd5 Nxd5 13. Nxd5 Qxd5 14. O-O Bf5
15. Bc4 Qd6 16. Rc1 Qg6 17. Kh1 Rfd8 18. c3 Na5 19. Ba2 Bd3 20. Bb1 Nb3 21.
Bxd3 Rxd3 22. Rc2 Rad8 23. Re1 Bg5 24. Re2 Bxe3 25. fxe3 Qd6 26. Qe1 Rxd2 27.
Rcxd2 Nxd2 28. Qh4 Qf6 29. Qg4 Qf1+ 30. Kh2 Qd1 0-1

[Event "POL-ch U14"]
[Site "Sekocin Stary"]
[Date "2010.05.04"]
[Round "6"]
[White "Zochowski, Kacper"]
[Black "Chmielewski, Jakub"]
[Result "1-0"]
[WhiteElo "1882"]
[BlackElo "1744"]
[PlyCount "45"]
[EventDate "2010.05.01"]
[EventType "swiss"]
[EventRounds "10"]
[EventCountry "POL"]
[SourceTitle "OM OTB B 201907"]
[Source "Opening Master"]
[SourceDate "2019.07.06"]
[SourceVersion "2"]
[SourceVersionDate "2019.07.06"]
[SourceQuality "1"]

1. e4 c5 2. Nf3 d6 3. d4 cxd4 4. Nxd4 Nf6 5. Nc3 Nc6 6. Be2 e5 7. Nb3 Be7 8.
O-O O-O 9. f4 Qb6+ 10. Kh1 Rd8 11. Nd5 Nxd5 12. exd5 Na5 13. Nd2 Qc5 14. Ne4
Qc7 15. f5 b6 16. f6 Bf8 17. fxg7 Bxg7 18. Bg5 Rf8 19. Nf6+ Bxf6 20. Bxf6 e4
21. Qd2 e3 22. Qxe3 Qxc2 23. Bd3 1-0

[Event "Ostrava op"]
[Site "Ostrava"]
[Date "2010.05.04"]
[Round "4"]
[White "Petrov, Bogoljub"]
[Black "Kredl, Karel"]
[Result "0-1"]
[WhiteElo "1915"]
[BlackElo "2090"]
[PlyCount "82"]
[EventDate "2010.05.01"]
[EventType "swiss"]
[EventRounds "9"]
[EventCountry "CZE"]
[SourceTitle "OM OTB B 201907"]
[Source "Opening Master"]
[SourceDate "2019.07.06"]
[SourceVersion "2"]
[SourceVersionDate "2019.07.06"]
[SourceQuality "1"]

1. e4 c5 2. Nf3 d6 3. d4 cxd4 4. Nxd4 Nf6 5. Nc3 Nc6 6. Be2 e5 7. Nb3 Be6 8.
Be3 Be7 9. f3 O-O 10. Nd5 a5 11. Bb6 Qd7 12. Nc7 Rac8 13. Nxe6 Qxe6 14. Nxa5
Nxa5 15. Bxa5 d5 16. Bc3 Bc5 17. exd5 Nxd5 18. Bd2 Rfd8 19. Bd3 Qb6 20. Rb1 Nf4
21. Bxf4 exf4 22. Kf1 Re8 23. c3 Rcd8 24. b4 Be3 25. Qc2 h6 26. g4 fxg3 27.
hxg3 Qd6 28. Bh7+ Kh8 29. Kg2 g6 30. Rbd1 Qf6 31. Rxd8 Rxd8 32. Qe4 Rd2+ 33.
Kh3 Re2 34. Bxg6 Qxg6 35. Qxg6 fxg6 36. Rd1 Bd2 37. c4 Bxb4 38. Rd8+ Kg7 39.
Rd7+ Re7 40. Rd3 Bc5 41. Rd5 b6 0-1

[Event "BAN-ch (Women) 31st"]
[Site "Narayanganj"]
[Date "2010.05.01"]
[Round "7"]
[White "Hamid, Rani"]
[Black "Jahan, Dilara Nupur"]
[Result "1/2-1/2"]
[WhiteElo "2033"]
[BlackElo "1972"]
[PlyCount "130"]
[EventDate "2010.04.24"]
[EventType "tourn"]
[EventRounds "11"]
[EventCountry "BAN"]
[SourceTitle "OM OTB B 201907"]
[Source "Opening Master"]
[SourceDate "2019.07.06"]
[SourceVersion "2"]
[SourceVersionDate "2019.07.06"]
[SourceQuality "1"]

1. e4 c5 2. Nf3 Nc6 3. d4 cxd4 4. Nxd4 Nf6 5. Nc3 d6 6. Be2 e5 7. Nf3 Be7 8.
Bg5 Be6 9. O-O O-O 10. Qd2 a6 11. Rad1 Ne8 12. Bxe7 Qxe7 13. Nd5 Bxd5 14. exd5
Nd8 15. c4 f5 16. b4 Nf6 17. Qc2 g6 18. c5 Nf7 19. c6 Rac8 20. a4 e4 21. Ne1
Qe5 22. f4 exf3 23. Nxf3 Qe3+ 24. Kh1 Ng4 25. Bc4 Nfe5 26. Nxe5 Qxe5 27. g3 Ne3
28. Qd3 Nxd1 29. Rxd1 Qe4+ 30. Qxe4 fxe4 31. Re1 Rfe8 32. Re3 Kf8 33. b5 axb5
34. axb5 bxc6 35. bxc6 Re5 36. Kg2 Ke7 37. Rb3 Kf6 38. Kf2 e3+ 39. Ke2 Rc7 40.
Rb8 Ree7 41. Rd8 Ke5 42. Kxe3 Ra7 43. Bb3 Ra3 44. Rb8 Rxb3+ 45. Rxb3 Kxd5+ 46.
Kd3 Kxc6 47. Kd4 Re5 48. Ra3 Rh5 49. h4 Rd5+ 50. Ke4 Re5+ 51. Kf4 h6 52. Ra6+
Kd5 53. Ra5+ Ke6 54. Ra8 Rb5 55. Re8+ Kf7 56. Rd8 Rb4+ 57. Kf3 Rd4 58. Ke3 Rd1
59. Ke2 Rd5 60. Ke3 g5 61. h5 Re5+ 62. Kd4 g4 63. Rxd6 Rxh5 64. Ke4 Rh1 65. Kf4
h5 1/2-1/2

[Event "CZE-ch"]
[Site "Ostrava"]
[Date "2010.05.01"]
[Round "1"]
[White "Hladik, Lumir"]
[Black "Skliba, Martin"]
[Result "1/2-1/2"]
[WhiteElo "2065"]
[BlackElo "2309"]
[PlyCount "152"]
[EventDate "2010.05.01"]
[EventType "swiss"]
[EventRounds "9"]
[EventCountry "CZE"]
[SourceTitle "OM OTB B 201907"]
[Source "Opening Master"]
[SourceDate "2019.07.06"]
[SourceVersion "2"]
[SourceVersionDate "2019.07.06"]
[SourceQuality "1"]

1. e4 c5 2. Nf3 d6 3. d4 cxd4 4. Nxd4 Nf6 5. Nc3 Nc6 6. Be2 e5 7. Nb3 Be7 8.
O-O O-O 9. Be3 Be6 10. f4 exf4 11. Rxf4 d5 12. exd5 Nxd5 13. Nxd5 Bxd5 14. Bf3
Bxf3 15. Qxf3 Bd6 16. Rd1 Bxf4 17. Rxd8 Bxe3+ 18. Qxe3 Raxd8 19. h3 b6 20. Qf4
Rfe8 21. Qc7 Re6 22. c3 Rd1+ 23. Kh2 h6 24. Qc8+ Kh7 25. Qb7 Rf6 26. Qa6 g6 27.
Qe2 Rfd6 28. Nd4 Nxd4 29. Qxd1 Nf5 30. Qe2 h5 31. g4 hxg4 32. hxg4 Nh6 33. Kg3
Re6 34. Qd3 Re1 35. Qd4 Re6 36. c4 Ng8 37. b4 a6 38. c5 bxc5 39. Qxc5 Kg7 40.
Qd4+ Kh7 41. a4 Ne7 42. b5 axb5 43. axb5 Nc8 44. Qd7 Nd6 45. Kg2 Kg7 46. b6 Kg8
47. Kh3 Kg7 48. Qc7 g5 49. Qc5 Rg6 50. Qe5+ Kg8 51. Kg2 Re6 52. Qxg5+ Rg6 53.
Qf4 Re6 54. Qc1 Kg7 55. Qb2+ Kg8 56. Qc3 Rg6 57. Kf3 Re6 58. Qd4 Kh7 59. Qc5
Kg7 60. Qd5 Kg8 61. g5 Kg7 62. Kf4 Kg8 63. Kg4 Kg7 64. Kh5 Rg6 65. Qa8 Re6 66.
Kg4 Rg6 67. Qd8 Re6 68. Kf3 Nb7 69. Qc7 Nd6 70. Qb8 Nc4 71. b7 Nd6 72. Qxd6
Rxd6 73. b8=Q Re6 74. Kf4 Rg6 75. Qd8 Re6 76. Kf5 Rg6 1/2-1/2

[Event "FICS rated standard game"]
[Site "FICS freechess.org"]
[Date "2010.04.28"]
[Round "?"]
[White "gaelleg"]
[Black "GnuCheese"]
[Result "0-1"]
[WhiteElo "2155"]
[BlackElo "2278"]
[PlyCount "32"]
[EventDate "2010.??.??"]

1. e4 c5 2. Nf3 Nc6 3. d4 cxd4 4. Nxd4 Nf6 5. Nc3 d6 6. Be2 e5 7. Nf3 h6 8. O-O
Be7 9. Qd3 Be6 10. Be3 d5 11. exd5 Nxd5 12. a3 O-O 13. Ne4 f5 14. Nc5 e4 15.
Qb5 Bf7 16. Nxb7 Qc7 0-1

[Event "Memorial Lysenko"]
[Site "Liski (Russia)"]
[Date "2010.04.26"]
[Round "4"]
[White "Korovin, Viktor"]
[Black "Provkin, Vladimir"]
[Result "1/2-1/2"]
[WhiteElo "2045"]
[BlackElo "2203"]
[PlyCount "30"]
[EventDate "2010.??.??"]
[EventRounds "7"]
[SourceTitle "OM OTB B 201907"]
[Source "Opening Master"]
[SourceDate "2019.07.06"]
[SourceVersion "2"]
[SourceVersionDate "2019.07.06"]
[SourceQuality "1"]

1. e4 c5 2. Nf3 d6 3. d4 cxd4 4. Nxd4 Nf6 5. Nc3 Nc6 6. Be2 e5 7. Nb3 h6 8. O-O
Be7 9. Be3 O-O 10. f4 exf4 11. Bxf4 Ne5 12. Bxe5 dxe5 13. Qxd8 Rxd8 14. Rad1
Be6 15. Rxd8+ Rxd8 1/2-1/2

[Event "IBCA World-Cup 6th"]
[Site "Calimanesti"]
[Date "2010.04.25"]
[Round "4.3"]
[White "Dima, Mihai"]
[Black "Zsiltzova Lisenko, Lubov"]
[Result "0-1"]
[WhiteElo "1951"]
[BlackElo "2276"]
[PlyCount "76"]
[EventDate "2010.04.21"]
[EventType "team-tourn"]
[EventRounds "7"]
[EventCountry "ROU"]
[SourceTitle "OM OTB B 201907"]
[Source "Opening Master"]
[SourceDate "2019.07.06"]
[SourceVersion "2"]
[SourceVersionDate "2019.07.06"]
[SourceQuality "1"]

1. e4 c5 2. Nf3 Nc6 3. d4 cxd4 4. Nxd4 Nf6 5. Nc3 d6 6. Be2 e5 7. Nb3 Be7 8.
O-O O-O 9. Be3 Be6 10. Qd2 a5 11. Rad1 a4 12. Nc1 a3 13. b3 Qa5 14. Nd5 Bxd5
15. exd5 Qxd2 16. Rxd2 Nb4 17. c4 Ne4 18. Rdd1 Nc3 19. Rde1 Nc2 20. Bd3 Nxe1
21. Rxe1 Bf6 22. Bd2 e4 23. Bxe4 Rfe8 24. Bd3 Rxe1+ 25. Bxe1 Re8 26. Kf1 g6 27.
Ne2 Nxe2 28. Bxe2 Bd4 29. Bb4 Bc5 30. Bc3 f5 31. Bd3 Kf7 32. h3 Ke7 33. Be2 Kd8
34. Bd3 Kc7 35. Ba5+ b6 36. Bc3 f4 37. b4 Bxf2 38. Kxf2 Re3 0-1

[Event "IBCA World-Cup 6th"]
[Site "Calimanesti"]
[Date "2010.04.25"]
[Round "4.2"]
[White "Gunajew, Rafal"]
[Black "Palacios Perez, Manuel"]
[Result "1-0"]
[WhiteElo "2244"]
[BlackElo "2173"]
[PlyCount "119"]
[EventDate "2010.04.21"]
[EventType "team-tourn"]
[EventRounds "7"]
[EventCountry "ROU"]
[SourceTitle "OM OTB B 201907"]
[Source "Opening Master"]
[SourceDate "2019.07.06"]
[SourceVersion "2"]
[SourceVersionDate "2019.07.06"]
[SourceQuality "1"]

1. e4 c5 2. Nf3 d6 3. d4 cxd4 4. Nxd4 Nf6 5. Nc3 Nc6 6. Be2 e5 7. Nb3 Be7 8.
O-O O-O 9. f4 a5 10. a4 Be6 11. f5 Bd7 12. Kh1 Nb4 13. Bg5 Bc6 14. Bxf6 Bxf6
15. Nd5 Bxd5 16. exd5 Re8 17. Bb5 Re7 18. c3 Na6 19. Qg4 Qb6 20. Nd2 Rc7 21.
Ne4 Kf8 22. Rf3 Ke7 23. Rh3 h5 24. Rxh5 Rcc8 25. Rh7 Rg8 26. Rf1 Raf8 27. Qh3
Nc5 28. Nd2 Qc7 29. Rh5 Nd7 30. Qd3 Rh8 31. Rxh8 Rxh8 32. b4 Rc8 33. Ne4 axb4
34. cxb4 Qc2 35. a5 Nb8 36. Qxc2 Rxc2 37. Rb1 Na6 38. Bd3 Rc8 39. g3 g6 40.
fxg6 fxg6 41. b5 Nc5 42. Nxc5 dxc5 43. Bxg6 Kd6 44. Be4 Ra8 45. Ra1 Bg5 46. a6
c4 47. h4 Be3 48. Ra3 Bb6 49. axb7 Rb8 50. Rf3 Rxb7 51. Rf6+ Kc5 52. d6 Rg7 53.
h5 Rxg3 54. h6 Bd8 55. Re6 Rg4 56. Bf5 Rh4+ 57. Kg2 Kd5 58. d7 Bg5 59. Rg6 Be7
60. b6 1-0

[Event "SRB-ch (Women)"]
[Site "Pancevo"]
[Date "2010.04.23"]
[Round "4"]
[White "Eric, Jovana"]
[Black "Tomin, Ksenija"]
[Result "1-0"]
[WhiteElo "2183"]
[BlackElo "1883"]
[PlyCount "105"]
[EventDate "2010.04.20"]
[EventType "tourn"]
[EventRounds "11"]
[EventCountry "YUG"]
[SourceTitle "OM OTB B 201907"]
[Source "Opening Master"]
[SourceDate "2019.07.06"]
[SourceVersion "2"]
[SourceVersionDate "2019.07.06"]
[SourceQuality "1"]

1. e4 c5 2. Nf3 d6 3. d4 cxd4 4. Nxd4 Nf6 5. Nc3 Nc6 6. Be2 e5 7. Nf3 h6 8. O-O
Be7 9. Re1 O-O 10. h3 Be6 11. Bf1 Rc8 12. Nd5 Nb8 13. c4 Na6 14. b3 Nc5 15.
Nxf6+ Bxf6 16. Bd2 a5 17. Rb1 Bd7 18. Bc3 Bc6 19. Bd3 Qc7 20. Nh2 b6 21. Nf1
Bg5 22. Ng3 Rcd8 23. Qe2 Bb7 24. Bc2 Qc6 25. Bd2 Bxd2 26. Qxd2 f5 27. b4 axb4
28. Qxb4 f4 29. Nf1 Ba6 30. Qxb6 Qxb6 31. Rxb6 Bxc4 32. a4 Rd7 33. Nd2 Be6 34.
Ra1 Kf7 35. Nb1 Ke7 36. Nc3 Ra8 37. Nb5 Bc4 38. Nc3 g5 39. Rd1 h5 40. f3 Ke6
41. Rb4 Ba6 42. Nd5 Raa7 43. Rb8 g4 44. hxg4 hxg4 45. fxg4 Be2 46. Rdb1 Bxg4
47. Rh8 Be2 48. Rbb8 Rg7 49. Rbd8 Rg6 50. Rhf8 Bf3 51. Rde8+ Kd7 52. Re7+ Kc6
53. Rc8+ 1-0

[Event "Sofia Asenova&Ivanova Memorial"]
[Site "Sofia"]
[Date "2010.04.22"]
[Round "2"]
[White "Mitrev, Kiril"]
[Black "Ipatov, Alexander"]
[Result "0-1"]
[WhiteElo "2127"]
[BlackElo "2518"]
[PlyCount "82"]
[EventDate "2010.04.21"]
[EventType "swiss"]
[EventRounds "9"]
[EventCountry "BUL"]
[SourceTitle "OM OTB B 201907"]
[Source "Opening Master"]
[SourceDate "2019.07.06"]
[SourceVersion "2"]
[SourceVersionDate "2019.07.06"]
[SourceQuality "1"]

1. e4 c5 2. Nf3 d6 3. d4 cxd4 4. Nxd4 Nf6 5. Nc3 Nc6 6. Be2 e5 7. Nb3 Be7 8.
O-O a5 9. a4 O-O 10. Bg5 Be6 11. Bxf6 Bxf6 12. Nd5 Bg5 13. Bc4 Rc8 14. c3 Ne7
15. Nxe7+ Bxe7 16. Bxe6 fxe6 17. Qe2 Qb6 18. Nc1 Qa6 19. Re1 Rc4 20. Qd3 Bh4
21. Re2 Bd8 22. b3 Rc6 23. c4 Bb6 24. Na2 Bd4 25. Rf1 d5 26. Rc2 Rf4 27. exd5
exd5 28. g3 Rf8 29. Kg2 dxc4 30. bxc4 Rfc8 31. Rfc1 Rc5 32. Qe2 Qc6+ 33. Kg1
Qxa4 34. Qe4 Qc6 35. Qd3 Qg6 36. Qd2 Qf7 37. Qd3 Qc7 38. Qb3 Qf7 39. Qd3 Kh8
40. Kg2 Qg6 41. Qd2 Qe4+ 0-1

[Event "62nd GK tournament"]
[Site "http://gameknot.com/chess.pl?"]
[Date "2010.04.22"]
[Round "?"]
[White "Yulio"]
[Black "Combatiente"]
[Result "0-1"]
[WhiteElo "2105"]
[BlackElo "2446"]
[PlyCount "134"]
[EventDate "2010.??.??"]

1. e4 c5 2. Nf3 d6 3. d4 cxd4 4. Nxd4 Nf6 5. Nc3 Nc6 6. Be2 e5 7. Nb3 Be7 8.
O-O O-O 9. Be3 a5 10. Bb5 Be6 11. Qe2 Qc7 12. f4 exf4 13. Rxf4 d5 14. exd5 Nxd5
15. Nxd5 Bxd5 16. c4 Be6 17. Raf1 Ne5 18. Re4 f6 19. Nd4 Bf7 20. Nf5 Bc5 21.
Kh1 Bxe3 22. Qxe3 Bg6 23. Ref4 Rfd8 24. c5 Bxf5 25. Rxf5 Rac8 26. Rc1 Kh8 27.
Rff1 Rd5 28. Qe4 Rd2 29. b3 Rxa2 30. Rfd1 Rb2 31. Ba4 h6 32. Qd4 Ra2 33. h3 Rf8
34. Qd6 Qf7 35. Bb5 Rc8 36. Rc3 Kh7 37. Rg3 Qc7 38. Bd3+ Nxd3 39. Qxd3+ Kh8 40.
Kh2 Re8 41. Qd6 Re7 42. Rc3 Rd7 43. Qxc7 Rxc7 44. Rd4 Kh7 45. Kg3 Kg6 46. Kf3
h5 47. Ra4 Rxa4 48. bxa4 Kf5 49. Rb3 Rxc5 50. Rxb7 Rc3+ 51. Kf2 g5 52. Rb5+ Kf4
53. Rxa5 Rc2+ 54. Kf1 Kg3 55. h4 Rf2+ 56. Ke1 g4 57. Rxh5 Kxg2 58. Rh6 f5 59.
h5 f4 60. Rg6 g3 61. h6 Rf1+ 62. Ke2 f3+ 63. Ke3 Rh1 64. Kf4 Rh3 65. Kg4 f2 66.
Rf6 Rxh6 67. Rf3 Rg6+ 0-1

[Event "4. LSS Anni P-00028"]
[Site "LSS"]
[Date "2010.04.19"]
[Round "?"]
[White "Albesa, Alfredo Ricardo"]
[Black "Kesselmann, Bruno"]
[Result "1-0"]
[WhiteElo "1731"]
[BlackElo "800"]
[PlyCount "49"]
[EventDate "2010.04.22"]
[SourceTitle "LSS to Dec2020"]
[Source "LSS ed TH"]
[SourceDate "2021.01.12"]
[SourceVersion "3"]
[SourceVersionDate "2021.01.12"]
[SourceQuality "1"]

1. e4 c5 2. Nf3 d6 3. d4 cxd4 4. Nxd4 Nf6 5. Nc3 Nc6 6. Be2 e5 7. Nb3 Be7 8.
O-O O-O 9. Be3 Be6 10. f3 a5 11. Bb5 Qc7 12. Qd2 d5 13. Nxd5 Bxd5 14. exd5 Rfd8
15. c4 a4 16. Nc1 Ra5 17. Qf2 Nd4 18. Ne2 Nxb5 19. Bb6 Qxc4 20. Rac1 Qxd5 21.
Bxa5 Rb8 22. a3 Nd4 23. Bb6 Nb3 24. Rc2 h6 25. Nc3 1-0